| 000 | 01221nam a22002537a 4500 | ||
|---|---|---|---|
| 005 | 20170124103102.0 | ||
| 010 | _a942485 | ||
| 020 | _c60.00 | ||
| 035 | _a942485 | ||
| 037 | _bCen Lib/Ret | ||
| 040 |
_aDPL _bHN |
||
| 082 |
_a921 _bठाकुर |
||
| 100 |
_aठाकुर, कृष्ण नन्दन _977350 |
||
| 245 |
_aडा.राममनोहर लोहिया के आर्थिक,राजनीतिक एवं सामाजिक विचार / _cकृष्ण नन्दन ठाकुर |
||
| 246 |
_aRammanohar Lohiya ke aarthik,rajnitik ewam samajik vichar / _bby Krishna Nandan Thakur |
||
| 260 |
_aनई दिल्ली _bएस.चन्द एंड कम्पनी _c1979 |
||
| 270 |
_bनई दिल्ली _aरामनगर _e110055 |
||
| 300 |
_axvi,350पृ. _c20सेमी(सजिल्द) |
||
| 650 |
_aहिन्दी -- साहित्य _977351 |
||
| 650 |
_aहिन्दी -- जीवनी - राममनोहर लोहिया _977352 |
||
| 650 |
_aHindi literature _977353 |
||
| 650 |
_aHindi - Biography - Rammanohar Lohiya _977354 |
||
| 942 |
_2ddc _cHN _h921 _mठाकुर |
||
| 999 |
_c117890 _d117890 |
||